000 00435nam a2200121Ia 4500
008 220615s9999||||xx |||||||||||||| ||und||
100 _aGenaro Diarte-Plata||Ruth Escamilla-Montes
245 0 _aAquaculture - Plants and Invertebrates
546 _aEnglish[eng]
650 _aLife Sciences||Agricultural and Biological Sciences||Aquaculture
856 _uhttps://www.intechopen.com/books/aquaculture-plants-and-invertebrates
942 _cEB
999 _c8047
_d8047